La parola mancante - Titoli di canzoni straniere - Statistics

Statistiche generali
  • Questo quiz è stato fatto 251 volte
    228 dall'ultimo reset
  • Il punteggio medio è 12 su 20
Statistiche sulle risposte
Cantante Soluzione % Corretto
Cindy Lauper Girls Just Wanna Have {FUN}
90%
Louis Armstrong What a {WONDERFUL} World
86%
Pink Floyd Another {BRICK} in the Wall
80%
Bruce Springsteen {BORN} in the U.S.A.
76%
Whitney Houston I Wanna {DANCE} with Somebody
75%
Guns'n'Roses Sweet {CHILD} O' Mine
75%
Madonna Like a {VIRGIN}
71%
Bon Jovi Livin' on a {PRAYER}
70%
Gloria Gaynor I Will {SURVIVE}
68%
Neil Diamond {SWEET} Caroline
62%
R.E.M. Losing My {RELIGION}
60%
Beatles Eight {DAYS} a Week
59%
Led Zeppelin {STAIRWAY} to Heaven
56%
Ray Orbison Oh, {PRETTY} Woman
52%
Tracy Chapman {FAST} Car
42%
Dire Straits {SULTANS} of Swing
42%
Chuck Berry {JOHNNY} B. Goode
41%
Queen A Kind of {MAGIC}
40%
Rolling Stones Sympathy for the {DEVIL}
38%
Simon & Garfunkel Bridge Over {TROUBLED} Water
16%
Nessun quiz corrispondente trovato
Distribuzione punteggi
Percentuale di utenti per punteggio
Percentile per numero di risposta
I tuoi punteggi nel tempo
Non hai fatto questo quiz dall'ultimo reset